000 00923nam a2200289 i 4500
003 EG-GICUC
005 20260225071238.0
008 260225s1963 ii ||||fr|||| 001 0 eng d
040 _aEG-GiCUC
_beng
_cEG-GiCUC
_dEG-GiCUC
_erda
041 0 _aeng
082 0 4 _221
_a341.71060
_bEL . G
092 0 4 _221
099 _aLaw1 11 341.71060 EL . G 1963
100 1 _aElias, T. Olawale
_eAuthor.
245 1 0 _aGovernment And Politics In Africa /
_cT. Olawale Elias, Q.c.
264 1 _aBombay :
_bAsia Publishing House,
_c1963.
300 _a288 pages,
_c24 cm
_b
336 _2rda content
_atext
337 _2rda media
_aComputer
338 _2rda carrier
_aOnline Resource
504 _aIncludes bibliographical references and index.
546 _aText in English
650 1 4 _aPublic international law
856 4 0 _uhttps://fll.law.cu.edu.eg/fulltext/bks/B11-08387.pdf
905 _a48
942 _2ddc
_cBK
_e21
_n0
999 _c64139
_d64139